Tratamiento jurisprudencial de la economía del cuidado en Colombia (Registro nro. 321865)

Detalles MARC
000 -ENCABEZADO
Número de control [NR] 01247nam a22002657a 4500
005 - FECHA Y HORA DE LA ÚLTIMA TRANSACCIÓN
control field 20221121110359.0
008 - DE LONGITUD FIJA DE DATOS DE ELEMENTOS - INFORMACIÓN GENERAL
Elementos de longitud fija [NR] 221121s2022 ck |||gr|||| 00| 0 spa d
020 ## - NUMERO INTERNACIONAL NORMALIZADO PARA LIBROS [R]
Número Internacional Normalizado del libro [NR] 9788419226419
040 ## - FUENTE DE CATALOGACION [NR]
Agencia de catalogación original [NR] CO-BoUCM
Idioma de catalogación [NR] spa
Quien Cataloga Deissy Garcia
Quien Clasifica Deissy Garcia
041 0# - CODIGO DE IDIOMA [R]
Código de idioma para texto/pista de sonido o título separado [R] Español
100 ## - ASIENTO PRINCIPAL--NOMBRE PERSONAL [NR]
ID Autoridad 92721
Nombre personal [NR] Plazas-Goméz, Clara Viviana
245 10 - MENCION DE TITULO [NR]
Título [NR] Tratamiento jurisprudencial de la economía del cuidado en Colombia
Parte restante del título [NR] ¿posibilidad de un sistema de cuidados de creación eminentemente judicial?
Mención de responsabilidad, etc. [NR] Clara Viviana Plazas Gómez, Luis Eduardo Gómez Molano, Jennifer Garzón Valenzuela, José Miguel Flórez Villareal
260 ## - PUBLICACION, DISTRIBUCION, ETC. (PIE DE IMPRENTA) [R]
Lugar de publicación, distribución, etc. [R] Bogotá
Nombre del editor, distribuidor, etc. [R] Universidad del Rosario
-- Tirant lo Blanch
Fecha de publicación, distribución, etc. [R] 2022
300 ## - DESCRIPCION FISICA [R]
Extensión [R] 230 páginas
504 ## - NOTA DE BIBLIOGRAFIA, ETC. [R]
Nota de bibliografía, etc. [NR] Incluye referencias bibliográficas
650 #7 - ASIENTO SECUNDARIO DE MATERIA - TERMINO TEMATICO [R]
Término temático o nombre geográfico como elemento de entrada [NR] Economía doméstica
Subdivisión general [R] Legislación
Subdivisión geográfica [R] Colombia
9 (RLIN) 176174
650 #7 - ASIENTO SECUNDARIO DE MATERIA - TERMINO TEMATICO [R]
Término temático o nombre geográfico como elemento de entrada [NR] Servicio doméstico
Subdivisión general [R] Normas
9 (RLIN) 176175
650 #7 - ASIENTO SECUNDARIO DE MATERIA - TERMINO TEMATICO [R]
Término temático o nombre geográfico como elemento de entrada [NR] Economía del trabajo
Subdivisión general [R] Aspectos jurídicos
Subdivisión geográfica [R] Colombia
9 (RLIN) 176176
650 #7 - ASIENTO SECUNDARIO DE MATERIA - TERMINO TEMATICO [R]
Término temático o nombre geográfico como elemento de entrada [NR] Legislación laboral
9 (RLIN) 18342
700 1# - ASIENTO SECUNDARIO - NOMBRE PERSONAL [R]
9 (RLIN) 176171
Nombre personal [NR] Gómez Molano, Luis Eduardo
700 1# - ASIENTO SECUNDARIO - NOMBRE PERSONAL [R]
9 (RLIN) 176172
Nombre personal [NR] Garzón Valenzuela, Jennifer
700 1# - ASIENTO SECUNDARIO - NOMBRE PERSONAL [R]
9 (RLIN) 176173
Nombre personal [NR] Flórez Villareal, José Miguel
942 ## - ELEMENTOS DE ENTRADA AGREGADOS (KOHA)
Sistema de clasificación DEWEY
Tema principal Derecho
Tipo de ítem principal el descrito en 300a Libro
Edición 1
Clasificación 344.010263
Parte restante de la signatura top. P723t
Título oculto en OPAC No
Existencias
Fecha de último préstamo Total préstamos Signatura topográfica Código de barras Última vez visto Ejemplar Costo de reposición Price effective from Tipo de ítem Perdido Sistema de clasificación Dañado No prestable Tipo de ítem específico Suprimido Ubicación habitual Ubicación actual Localización Fecha de creación Forma de adquisición Costo
03/05/2025 1 344.010263 P723t 100170951 05/12/2025 Ej.1 26000.00 21/11/2022 Libro   DEWEY     Libro   Claustro Claustro 3er piso 21/11/2022 Donación 0.00